| 000 | 00387nam a2200145Ia 4500 | ||
|---|---|---|---|
| 008 | 210210b2006 xxu||||| |||| 00| 0 eng d | ||
| 020 | _a81 7829 635 7 | ||
| 082 | _a070 FRAK | ||
| 100 | _aFRANKLIN (Bob) and others. | ||
| 245 | _aKey concepts in journalism studies. | ||
| 260 |
_aNew Delhi _bVistaar Publications _c2006 |
||
| 300 | _axix,362 | ||
| 690 | _aJournalism | ||
| 906 | _a061141 | ||
| 999 |
_c107860 _d107860 |
||